• 首页
  • 本馆介绍
  • 公告通知
  • 最新文献
  • 馆藏检索
  • 电子资源
  • 读者导购
  • 参考咨询
  • 我的图书馆
  • 登录
  • 详细信息显示
  • 放入我的书架
  • 预约/预借图书
  • 作者相关作品
  • 分类相关作品
  • 丛书相关作品
  • 出版社相关作品

书目信息

  • 表格格式
  • 工作单格式
  • 卡片格式
题名:
气体压缩的工艺与操作
    
 
作者: ;衢州化工厂 编
分册:  
出版信息: 北京   燃料化学工业出版社  1974
页数: 150页
开本: 20cm
丛书名:
单 册:
中图分类: TQ113.26
科图分类:
主题词: 氨--生产 , 铵化合物--生产
电子资源:
ISBN:
000 00608nam0 2200205 450
001 0632933740
005 20060518091108.03
010    @dCNY0.40
100    @a20060518d1974 km y0chiy0120 ea
101 0  @achi
200 1  @a气体压缩的工艺与操作@Aqi ti ya suo de gong yi yu cao zuo@f衢州化工厂编@Fqu zhou hua gong chang bian
210    @a北京@c燃料化学工业出版社@d1974
215 1  @a150页@d20cm
300    @a合成氨厂工人读物
606 0  @a氨@x生产
606 0  @a铵化合物@x生产
690    @aTQ113.26@v4
711  0 @a衢州化工厂@Aqu zhou hua gong chang@4编
801  0 @aCN@bPFT@c20060518
905    @a10447@dTQ113.26@e4
    
    气体压缩的工艺与操作/衢州化工厂编.-北京:燃料化学工业出版社,1974
    150页;20cm
    合成氨厂工人读物
    
    ISBN :CNY0.40
    
●
相关链接 在E读中查询图书 在五车中查询图书 在当当中查询图书 在豆瓣中查询图书


正题名:气体压缩的工艺与操作     索取号:TQ113.26/4         预约/预借

序号 登录号 条形码 馆藏地/架位号 状态 备注
1 0018100   202343268   密集书库/ [索取号:TQ113.26/4] 在馆    
唐山师范学院图书馆 欢迎您!
大连网信软件有限公司© 版权所有